000 00555nam a2200157 a 4500
001 000037734
005 20201002031116.0
008 130304s1971 sp 000 0 spa d
040 _aDO-SdBNP
_bspa
_cBNPHU
100 1 _aBédat, Claude
_964198
245 1 3 _aEl escultor Felipe de Castro /
_cClaude Bédat.
260 _aSantiago de Compostela, España :
_bConsejo Superior de Investigaciones Científicas ,
_c1971.
300 _a146 p. :
_bil. ;
_c24 cm.
490 1 _aCuadernos de estudios gallegos
_nXX
830 0 _aCuadernos de estudios gallegos
_vXX
_964199
999 _c37224
_d37224